000 00661nam a2200181 i 4500
001 95955
003 ES-MaACL
005 20230906181817.0
007 t|
008 050608s1931 cu ||||1| spa d
100 1 _aMachado y Morales, Gerardo.
_975173
245 1 0 _aAl pueblo de Cuba :
_ba todos, extranjeros y nacionales, en lo hondo de nuestros actuales problemas se esconde la agresión comunista implacable /
_cGerardo Machado y Morales.
260 _aLa Habana :
_bFernández Solana y Cía.,
_c1931.
300 _a16 p. ;
_c22 cm.
650 4 _aComunismo-
_zCuba.
_911216
651 4 _aCuba-
_xHistoria-
_y1902-1933.
_9155981
852 _aES-MaACL
_j1748-F-1
999 _c95955
_d95955